000 00651 a2200289 4500
260 _aParis
630 _a657 - Comptabilité
037 _b4, Achat
650 _a6 - SCIENCES APPLIQUEES
100 _aGrangeas, Geneviève
700 _aSaucier, Philippe
260 _bEd. Cujas
245 _aComptabilité nationale
300 _a192 p.
650 _aComptabilité nationale
260 _c1992
300 _b18cm
100 _lFr
440 _aNouvelles Collections Economiques
037 _aDe 7633
037 _aDe 7634
037 _aDe 8538
037 _aDe 8539
020 _a2-254-92720-5
999 _c42094
_d42094